[Event "Turkish Second League 2019"]
[Site "Konya"]
[Date "2019.07.27"]
[Round "8"]
[White "Ucucu, Salih"]
[Black "Acar, Cengiz Can"]
[Result "1-0"]
[WhiteElo "1819"]
[BlackElo "1756"]
[Annotator "NA"]
[PlyCount "61"]
[EventDate "2019.07.22"]
[EventType "team-tourn"]
[EventCountry "TUR"]
[SourceTitle "playchess.com"]
[Source "ChessBase"]
[SourceQuality "1"]
[TimeControl "5400+30"]

1. e4 d5 {[%emt 0:00:30]} 2. exd5 {[%emt 0:01:00]} Qxd5 {[%emt 0:00:30]} 3. Nc3 {[%emt 0:00:30]} Qd6 {[%emt 0:00:00]} 4. d4 {[%emt 0:00:00]} c6 {[%emt 0:00:00]} 5. Nf3 {[%emt 0:00:00]} Bg4 {[%emt 0:00:00]} 6. h3 {[%emt 0:00:00]} Bxf3 {[%emt 0:04:00]} 7. Qxf3 {[%emt 0:01:00]} Qxd4 {[%emt 0:00:30]} 8. Bf4 {[%emt 0:00:00]} Qd8 {[%emt 0:05:30]} 9. Nb5 {[%emt 0:08:00]} Na6 {[%emt 0:06:30]} 10. Rd1 {[%emt 0:12:30]} Qa5+ {[%emt 0:11:30]} 11. c3 {[%emt 0:07:30]} Rd8 {[%emt 0:09:30]} 12. Rxd8+ {[%emt 0:03:30]} Qxd8 {[%emt 0:03:30]} 13. Qe3 {[%emt 0:06:30]} e6 {[%emt 0:14:30]} 14. Qxa7 {[%emt 0:07:30]} Qc8 {[%emt 0:13:30]} 15. Nd6+ {[%emt 0:01:30]} Bxd6 {[%emt 0:00:30]} 16. Bxd6 {[%emt 0:00:30]} Nc7 {[%emt 0:04:30]} 17. c4 {[%emt 0:12:30]} Ne7 {[%emt 0:03:30]} 18. Bd3 {[%emt 0:02:30]} Qd8 {[%emt 0:09:13]} 19. Qd4 {[%emt 0:04:30]} f6 {[%emt 0:04:58]} 20. O-O {[%emt 0:02:30]} e5 {[%emt 0:02:26]} 21. Qc5 {[%emt 0:01:30]} Ne6 {[%emt 0:02:00]} 22. Qa3 {[%emt 0:02:30]} Nd4 {[%emt 0:02:01]} 23. f4 {[%emt 0:00:30]} Nef5 {[%emt 0:00:30]} 24. fxe5 {[%emt 0:01:30]} Nxd6 {[%emt 0:01:35]} 25. exd6 {[%emt 0:00:30]} O-O {[%emt 0:00:54]} 26. Qc5 {[%emt 0:00:30]} Ne6 {[%emt 0:00:06]} 27. Bxh7+ {[%emt 0:01:30]} Kxh7 {[%emt 0:00:30]} 28. Qf5+ {[%emt 0:00:30]} Kh8 {[%emt 0:00:30]} 29. Qxe6 {[%emt 0:00:00]} Re8 {[%emt 0:00:00]} 30. Qg4 {[%emt 0:00:00]} Qxd6 {[%emt 0:00:00]} 31. Qh5+ {[%emt 0:00:30]} 1-0

[Event "Turkish Second League 2019"]
[Site "Konya"]
[Date "2019.07.27"]
[Round "8"]
[White "Alaoglu, Niyazi Bekirhan"]
[Black "Danaci, Ege"]
[Result "1/2-1/2"]
[WhiteElo "1769"]
[BlackElo "1976"]
[Annotator "NA"]
[PlyCount "60"]
[EventDate "2019.07.22"]
[EventType "team-tourn"]
[EventCountry "TUR"]
[SourceTitle "playchess.com"]
[Source "ChessBase"]
[SourceQuality "1"]
[TimeControl "5400+30"]

1. e4 e6 {[%emt 0:00:30]} 2. d4 {[%emt 0:01:00]} d5 {[%emt 0:00:00]} 3. exd5 {[%emt 0:00:00]} exd5 {[%emt 0:00:00]} 4. Bd3 {[%emt 0:00:00]} Bd6 {[%emt 0:00:00]} 5. Ne2 {[%emt 0:00:30]} Ne7 {[%emt 0:01:00]} 6. O-O {[%emt 0:00:30]} O-O {[%emt 0:00:00]} 7. c3 {[%emt 0:00:00]} c6 {[%emt 0:00:00]} 8. Bf4 {[%emt 0:00:00]} Bf5 {[%emt 0:00:00]} 9. Bxd6 {[%emt 0:00:30]} Bxd3 {[%emt 0:00:00]} 10. Qxd3 {[%emt 0:00:30]} Qxd6 {[%emt 0:00:00]} 11. Nd2 {[%emt 0:00:30]} Nd7 {[%emt 0:00:00]} 12. Rfe1 {[%emt 0:00:30]} Qg6 {[%emt 0:00:30]} 13. Qxg6 {[%emt 0:00:30]} Nxg6 {[%emt 0:00:00]} 14. Kf1 {[%emt 0:00:30]} Rfe8 {[%emt 0:00:00]} 15. Ng3 {[%emt 0:03:30]} Kf8 {[%emt 0:00:30]} 16. Rxe8+ {[%emt 0:00:30]} Rxe8 {[%emt 0:00:30]} 17. Re1 {[%emt 0:00:30]} Rxe1+ {[%emt 0:00:30]} 18. Kxe1 {[%emt 0:00:30]} Nf4 {[%emt 0:00:00]} 19. Kf1 {[%emt 0:00:00]} Kg8 {[%emt 0:00:00]} 20. b3 {[%emt 0:00:00]} g6 {[%emt 0:00:00]} 21. Ne2 {[%emt 0:00:00]} Nxe2 {[%emt 0:00:00]} 22. Kxe2 {[%emt 0:00:00]} Kg7 {[%emt 0:00:00]} 23. f4 {[%emt 0:00:30]} h5 {[%emt 0:00:00]} 24. Kf3 {[%emt 0:00:00]} Kf6 {[%emt 0:00:00]} 25. g3 {[%emt 0:00:00]} a5 {[%emt 0:00:00]} 26. a4 {[%emt 0:00:30]} b6 {[%emt 0:00:30]} 27. h3 {[%emt 0:00:00]} Nf8 {[%emt 0:00:00]} 28. Nf1 {[%emt 0:00:00]} Nd7 {[%emt 0:00:00]} 29. Ne3 {[%emt 0:00:30]} Nf8 {[%emt 0:00:30]} 30. Ng2 {[%emt 0:00:00]} Ne6 {[%emt 0:00:30]} 1/2-1/2

[Event "Turkish Second League 2019"]
[Site "Konya"]
[Date "2019.07.27"]
[Round "8"]
[White "Ayazmali, Gizem"]
[Black "Demirtas, Hafize"]
[Result "1-0"]
[WhiteElo "1767"]
[BlackElo "1893"]
[Annotator "NA"]
[PlyCount "104"]
[EventDate "2019.07.22"]
[EventType "team-tourn"]
[EventCountry "TUR"]
[SourceTitle "playchess.com"]
[Source "ChessBase"]
[SourceQuality "1"]
[TimeControl "5400+30"]

1. g3 {[%emt 0:00:30]} c5 {[%emt 0:01:30]} 2. Bg2 {[%emt 0:00:00]} Nc6 {[%emt 0:00:00]} 3. e4 {[%emt 0:01:00]} g6 {[%emt 0:00:00]} 4. Ne2 {[%emt 0:03:30]} Bg7 {[%emt 0:00:30]} 5. c4 {[%emt 0:02:30]} e6 {[%emt 0:01:30]} 6. Nbc3 {[%emt 0:00:30]} Nge7 {[%emt 0:01:30]} 7. d3 {[%emt 0:01:30]} O-O {[%emt 0:02:30]} 8. Be3 {[%emt 0:03:30]} Nd4 {[%emt 0:04:30]} 9. O-O {[%emt 0:06:30]} Nec6 {[%emt 0:03:30]} 10. Qd2 {[%emt 0:04:30]} a6 {[%emt 0:03:30]} 11. Bh6 {[%emt 0:08:30]} Qa5 {[%emt 0:06:30]} 12. Qg5 {[%emt 0:13:30]} f6 {[%emt 0:07:30]} 13. Qh4 {[%emt 0:02:30]} Rb8 {[%emt 0:13:30]} 14. Bxg7 {[%emt 0:06:30]} Kxg7 {[%emt 0:00:30]} 15. Nf4 {[%emt 0:24:03]} Ne5 {[%emt 0:11:30]} 16. f3 {[%emt 0:00:59]} b5 {[%emt 0:03:30]} 17. cxb5 {[%emt 0:02:31]} axb5 {[%emt 0:01:30]} 18. g4 {[%emt 0:01:14]} h6 {[%emt 0:10:30]} 19. Qf2 {[%emt 0:09:42]} g5 {[%emt 0:06:11]} 20. Nh5+ {[%emt 0:00:35]} Kh7 {[%emt 0:06:12]} 21. Rfd1 {[%emt 0:00:48]} Ng6 {[%emt 0:04:15]} 22. Ne2 {[%emt 0:03:25]} Nxe2+ {[%emt 0:04:01]} 23. Qxe2 {[%emt 0:00:02]} e5 {[%emt 0:00:20]} 24. Qc2 {[%emt 0:02:05]} d6 {[%emt 0:00:30]} 25. a3 {[%emt 0:00:55]} Qb6 {[%emt 0:00:57]} 26. Kh1 {[%emt 0:00:35]} Be6 {[%emt 0:05:04]} 27. Rac1 {[%emt 0:00:59]} Rbc8 {[%emt 0:00:22]} 28. Qd2 {[%emt 0:00:28]} Ne7 {[%emt 0:00:17]} 29. Ng3 {[%emt 0:00:28]} Nc6 {[%emt 0:00:47]} 30. Nf5 {[%emt 0:00:38]} Bxf5 {[%emt 0:00:07]} 31. gxf5 {[%emt 0:00:11]} Nd4 {[%emt 0:00:10]} 32. Qf2 {[%emt 0:00:24]} Kg7 {[%emt 0:00:25]} 33. Bf1 {[%emt 0:00:50]} h5 {[%emt 0:01:54]} 34. h4 {[%emt 0:00:18]} Kh6 {[%emt 0:00:24]} 35. hxg5+ {[%emt 0:00:25]} fxg5 {[%emt 0:00:17]} 36. Bh3 {[%emt 0:00:27]} Rf6 {[%emt 0:00:22]} 37. Rg1 {[%emt 0:00:13]} Rg8 {[%emt 0:00:52]} 38. Qe3 {[%emt 0:00:09]} Rf7 {[%emt 0:00:49]} 39. Rg2 {[%emt 0:00:19]} Qd8 {[%emt 0:00:19]} 40. Rh2 {[%emt 0:00:16]} Kg7 {[%emt 0:00:32]} 41. b4 {[%emt 0:00:36]} cxb4 {[%emt 0:00:37]} 42. axb4 {[%emt 0:00:05]} Kf6 {[%emt 0:00:00]} 43. Rg1 {[%emt 0:01:24]} Rfg7 {[%emt 0:00:43]} 44. Ra2 {[%emt 0:00:19]} Rh8 {[%emt 0:00:45]} 45. Rag2 {[%emt 0:01:50]} Qg8 {[%emt 0:00:09]} 46. Qc1 {[%emt 0:00:07]} g4 {[%emt 0:00:23]} 47. f4 {[%emt 0:00:20]} Qc8 {[%emt 0:01:09]} 48. fxe5+ {[%emt 0:00:20]} dxe5 {[%emt 0:00:34]} 49. Qa3 {[%emt 0:00:38]} Rhh7 {[%emt 0:00:19]} 50. Qa5 {[%emt 0:00:27]} Rb7 {[%emt 0:00:37]} 51. Qa6+ {[%emt 0:00:26]} Qc6 {[%emt 0:00:32]} 52. Qa8 {[%emt 0:00:22]} Rbf7 {[%emt 0:01:02]} 1-0

[Event "Turkish Second League 2019"]
[Site "Konya"]
[Date "2019.07.27"]
[Round "8"]
[White "Erdogmus, Yagiz Kaan"]
[Black "Akdag, Omer Amir"]
[Result "0-1"]
[WhiteElo "1744"]
[BlackElo "1903"]
[Annotator "NA"]
[PlyCount "106"]
[EventDate "2019.07.22"]
[EventType "team-tourn"]
[EventCountry "TUR"]
[SourceTitle "playchess.com"]
[Source "ChessBase"]
[SourceQuality "1"]
[TimeControl "5400+30"]

1. e4 {[%emt 0:00:30]} c5 {[%emt 0:00:30]} 2. Nf3 {[%emt 0:00:00]} g6 {[%emt 0:00:30]} 3. d4 {[%emt 0:00:00]} cxd4 {[%emt 0:00:30]} 4. Nxd4 {[%emt 0:00:30]} Nc6 {[%emt 0:00:30]} 5. c4 {[%emt 0:00:30]} Nf6 {[%emt 0:00:00]} 6. Nc3 {[%emt 0:00:30]} Nxd4 {[%emt 0:01:00]} 7. Qxd4 {[%emt 0:00:30]} d6 {[%emt 0:00:00]} 8. Be2 {[%emt 0:02:30]} Bg7 {[%emt 0:00:00]} 9. Bg5 {[%emt 0:00:30]} O-O {[%emt 0:01:30]} 10. Qe3 {[%emt 0:10:30]} a5 {[%emt 0:14:30]} 11. O-O {[%emt 0:04:30]} a4 {[%emt 0:05:30]} 12. Rfd1 {[%emt 0:11:30]} Qa5 {[%emt 0:01:30]} 13. Rac1 {[%emt 0:11:30]} Be6 {[%emt 0:01:30]} 14. Nd5 {[%emt 0:13:30]} Bxd5 {[%emt 0:01:30]} 15. exd5 {[%emt 0:00:30]} Rfe8 {[%emt 0:00:30]} 16. Bh6 {[%emt 0:09:30]} Nd7 {[%emt 0:06:30]} 17. Bxg7 {[%emt 0:06:30]} Kxg7 {[%emt 0:00:30]} 18. Rd4 {[%emt 0:03:30]} Qc5 {[%emt 0:06:30]} 19. Qd2 {[%emt 0:02:55]} Rac8 {[%emt 0:24:30]} 20. Rh4 {[%emt 0:05:09]} Nf8 {[%emt 0:00:00]} 21. Rc3 {[%emt 0:01:17]} Qb4 {[%emt 0:01:00]} 22. Qc1 {[%emt 0:04:22]} e6 {[%emt 0:04:30]} 23. Bf1 {[%emt 0:10:12]} exd5 {[%emt 0:03:30]} 24. cxd5 {[%emt 0:00:29]} Qxh4 {[%emt 0:01:30]} 25. Rxc8 {[%emt 0:00:06]} Rxc8 {[%emt 0:00:30]} 26. Qxc8 {[%emt 0:00:30]} Qb4 {[%emt 0:00:00]} 27. Qc3+ {[%emt 0:00:57]} Qxc3 {[%emt 0:01:00]} 28. bxc3 {[%emt 0:00:30]} Nd7 {[%emt 0:00:00]} 29. f3 {[%emt 0:00:58]} Kf6 {[%emt 0:00:00]} 30. Kf2 {[%emt 0:00:26]} Ke5 {[%emt 0:00:30]} 31. Bb5 {[%emt 0:00:00]} Nb6 {[%emt 0:00:30]} 32. Be8 {[%emt 0:00:26]} f6 {[%emt 0:03:30]} 33. Ke3 {[%emt 0:00:36]} Kxd5 {[%emt 0:00:30]} 34. Kd3 {[%emt 0:00:18]} Kc5 {[%emt 0:01:30]} 35. Bf7 {[%emt 0:00:36]} d5 {[%emt 0:00:00]} 36. f4 {[%emt 0:00:15]} Nc8 {[%emt 0:01:00]} 37. h4 {[%emt 0:00:43]} Nd6 {[%emt 0:05:32]} 38. Bg8 {[%emt 0:00:38]} h6 {[%emt 0:00:00]} 39. Bh7 {[%emt 0:00:21]} g5 {[%emt 0:00:00]} 40. fxg5 {[%emt 0:00:34]} fxg5 {[%emt 0:00:00]} 41. hxg5 {[%emt 0:00:14]} hxg5 {[%emt 0:00:00]} 42. Bg6 {[%emt 0:00:24]} Nc4 {[%emt 0:00:47]} 43. Be8 {[%emt 0:00:23]} b6 {[%emt 0:01:44]} 44. Ke2 {[%emt 0:00:54]} b5 {[%emt 0:02:37]} 45. Kd3 {[%emt 0:00:32]} Ne5+ {[%emt 0:00:03]} 46. Kd2 {[%emt 0:00:01]} Kc4 {[%emt 0:01:29]} 47. Bh5 {[%emt 0:00:28]} Nd7 {[%emt 0:03:20]} 48. Kc2 {[%emt 0:00:38]} Nf6 {[%emt 0:00:22]} 49. Be2+ {[%emt 0:00:40]} Kc5 {[%emt 0:00:01]} 50. Kd2 {[%emt 0:00:07]} Nd7 {[%emt 0:02:24]} 51. Kc2 {[%emt 0:01:19]} Ne5 {[%emt 0:00:11]} 52. Kd2 {[%emt 0:00:09]} b4 {[%emt 0:00:00]} 53. Ke3 {[%emt 0:00:52]} a3 {[%emt 0:04:13]} 0-1

[Event "Turkish Second League 2019"]
[Site "Konya"]
[Date "2019.07.27"]
[Round "8"]
[White "Ekici, Emre"]
[Black "Temizkan, Denizcan"]
[Result "0-1"]
[WhiteElo "1697"]
[BlackElo "2202"]
[Annotator "NA"]
[PlyCount "78"]
[EventDate "2019.07.22"]
[EventType "team-tourn"]
[EventCountry "TUR"]
[SourceTitle "playchess.com"]
[Source "ChessBase"]
[SourceQuality "1"]
[TimeControl "5400+30"]

1. d4 {[%emt 0:00:30]} d5 {[%emt 0:00:30]} 2. Bf4 {[%emt 0:00:30]} Nf6 {[%emt 0:00:00]} 3. e3 {[%emt 0:00:30]} c5 {[%emt 0:00:00]} 4. Nf3 {[%emt 0:01:30]} Nc6 {[%emt 0:00:30]} 5. c3 {[%emt 0:01:30]} Qb6 {[%emt 0:00:30]} 6. Qc2 {[%emt 0:01:30]} g6 {[%emt 0:04:30]} 7. Nbd2 {[%emt 0:01:30]} Bf5 {[%emt 0:04:30]} 8. Qc1 {[%emt 0:05:30]} Rc8 {[%emt 0:02:30]} 9. dxc5 {[%emt 0:03:30]} Qxc5 {[%emt 0:00:30]} 10. Nb3 {[%emt 0:04:30]} Qb6 {[%emt 0:00:30]} 11. Nbd4 {[%emt 0:05:30]} Be4 {[%emt 0:05:30]} 12. Nxc6 {[%emt 0:03:30]} bxc6 {[%emt 0:00:30]} 13. Be2 {[%emt 0:02:30]} Nh5 {[%emt 0:02:30]} 14. Bg5 {[%emt 0:06:30]} h6 {[%emt 0:00:30]} 15. Bh4 {[%emt 0:00:30]} g5 {[%emt 0:01:30]} 16. Bg3 {[%emt 0:01:30]} Nxg3 {[%emt 0:00:30]} 17. hxg3 {[%emt 0:00:00]} Bg7 {[%emt 0:00:30]} 18. O-O {[%emt 0:05:00]} Rb8 {[%emt 0:05:30]} 19. b4 {[%emt 0:02:30]} a5 {[%emt 0:01:30]} 20. a3 {[%emt 0:04:30]} c5 {[%emt 0:03:30]} 21. Ra2 {[%emt 0:05:30]} O-O {[%emt 0:01:30]} 22. b5 {[%emt 0:04:30]} a4 {[%emt 0:03:30]} 23. c4 {[%emt 0:01:30]} e6 {[%emt 0:05:30]} 24. Rd1 {[%emt 0:02:30]} Rfd8 {[%emt 0:07:30]} 25. Ne1 {[%emt 0:02:30]} Qa5 {[%emt 0:10:30]} 26. f3 {[%emt 0:03:30]} Bg6 {[%emt 0:03:30]} 27. Kf2 {[%emt 0:02:30]} d4 {[%emt 0:08:30]} 28. e4 {[%emt 0:01:30]} Qc7 {[%emt 0:01:30]} 29. Nd3 {[%emt 0:03:30]} f5 {[%emt 0:00:30]} 30. exf5 {[%emt 0:01:30]} Bxf5 {[%emt 0:00:30]} 31. g4 {[%emt 0:00:30]} Bg6 {[%emt 0:00:00]} 32. Nb2 {[%emt 0:02:30]} d3 {[%emt 0:02:00]} 33. Nxd3 {[%emt 0:02:17]} Bd4+ {[%emt 0:00:30]} 34. Kf1 {[%emt 0:02:26]} Qg3 {[%emt 0:05:30]} 35. f4 {[%emt 0:05:57]} Be3 {[%emt 0:04:42]} 36. Qc2 {[%emt 0:02:54]} Qh2 {[%emt 0:02:25]} 37. Bf3 {[%emt 0:02:56]} Qg1+ {[%emt 0:00:10]} 38. Ke2 Bxd3+ {[%emt 0:00:08]} 39. Rxd3 {[%emt 0:00:44]} Qf2+ {[%emt 0:00:09]} 0-1

[Event "Turkish Second League 2019"]
[Site "Konya"]
[Date "2019.07.27"]
[Round "8"]
[White "Bozkurt, Serkan"]
[Black "Ciblakbas, Sertan"]
[Result "1-0"]
[WhiteElo "1689"]
[BlackElo "1729"]
[Annotator "NA"]
[PlyCount "83"]
[EventDate "2019.07.22"]
[EventType "team-tourn"]
[EventCountry "TUR"]
[SourceTitle "playchess.com"]
[Source "ChessBase"]
[SourceQuality "1"]
[TimeControl "5400+30"]

1. Nf3 {[%emt 0:00:30]} e6 {[%emt 0:00:30]} 2. d4 {[%emt 0:01:30]} Nf6 {[%emt 0:01:30]} 3. g3 {[%emt 0:00:00]} b5 {[%emt 0:00:00]} 4. Bg2 {[%emt 0:00:00]} Bb7 {[%emt 0:00:00]} 5. Qd3 {[%emt 0:03:30]} a6 {[%emt 0:04:30]} 6. a4 {[%emt 0:04:30]} Nc6 {[%emt 0:05:30]} 7. c3 {[%emt 0:03:30]} Na5 {[%emt 0:32:30]} 8. Nbd2 {[%emt 0:04:30]} Nc4 {[%emt 0:04:30]} 9. e4 {[%emt 0:13:30]} d5 {[%emt 0:06:30]} 10. e5 {[%emt 0:12:30]} Ne4 {[%emt 0:04:30]} 11. b3 {[%emt 0:04:30]} Ncxd2 {[%emt 0:01:30]} 12. Nxd2 {[%emt 0:00:30]} Nxd2 {[%emt 0:00:30]} 13. Bxd2 {[%emt 0:00:00]} bxa4 {[%emt 0:09:30]} 14. Rxa4 {[%emt 0:02:00]} Be7 {[%emt 0:02:30]} 15. O-O {[%emt 0:03:30]} O-O {[%emt 0:00:30]} 16. f4 {[%emt 0:12:30]} Rb8 {[%emt 0:03:43]} 17. Ra2 {[%emt 0:03:30]} Bc6 {[%emt 0:03:03]} 18. c4 {[%emt 0:12:27]} dxc4 {[%emt 0:00:55]} 19. bxc4 {[%emt 0:00:43]} Bxg2 {[%emt 0:05:50]} 20. Kxg2 {[%emt 0:00:30]} Rb6 {[%emt 0:00:30]} 21. Be3 {[%emt 0:00:30]} Qb8 {[%emt 0:00:11]} 22. Kh3 {[%emt 0:07:11]} g6 {[%emt 0:02:01]} 23. Qe4 {[%emt 0:04:05]} Qa8 {[%emt 0:03:05]} 24. Qxa8 {[%emt 0:03:45]} Rxa8 {[%emt 0:00:01]} 25. Rfa1 {[%emt 0:00:33]} Rc6 {[%emt 0:06:11]} 26. c5 {[%emt 0:00:20]} Kf8 {[%emt 0:00:26]} 27. Bd2 {[%emt 0:01:13]} Ke8 {[%emt 0:00:52]} 28. Rb1 {[%emt 0:00:39]} Kd7 {[%emt 0:00:27]} 29. Ba5 {[%emt 0:00:25]} f6 {[%emt 0:00:56]} 30. Kg4 {[%emt 0:01:19]} h5+ {[%emt 0:00:42]} 31. Kf3 {[%emt 0:00:30]} fxe5 {[%emt 0:00:00]} 32. fxe5 {[%emt 0:00:00]} Rf8+ {[%emt 0:00:53]} 33. Ke4 {[%emt 0:01:05]} Rf5 {[%emt 0:00:42]} 34. Rc2 {[%emt 0:00:25]} Rf8 {[%emt 0:01:07]} 35. Rd1 {[%emt 0:00:44]} g5 {[%emt 0:00:11]} 36. h3 {[%emt 0:00:57]} g4 {[%emt 0:00:02]} 37. hxg4 {[%emt 0:00:25]} hxg4 {[%emt 0:00:02]} 38. Rh2 {[%emt 0:00:06]} Rf3 {[%emt 0:01:24]} 39. Rd3 {[%emt 0:00:14]} Rf1 {[%emt 0:00:52]} 40. Rh7 {[%emt 0:00:33]} Kd8 {[%emt 0:00:22]} 41. Rg7 {[%emt 0:00:34]} Bxc5 {[%emt 0:01:10]} 42. dxc5+ {[%emt 0:00:08]} 1-0

[Event "Turkish Second League 2019"]
[Site "Konya"]
[Date "2019.07.27"]
[Round "8"]
[White "Cetinkaya, Umut Can"]
[Black "Kayan, Veli"]
[Result "0-1"]
[WhiteElo "1639"]
[BlackElo "1863"]
[Annotator "NA"]
[PlyCount "158"]
[EventDate "2019.07.22"]
[EventType "team-tourn"]
[EventCountry "TUR"]
[SourceTitle "playchess.com"]
[Source "ChessBase"]
[SourceQuality "1"]
[TimeControl "5400+30"]

1. e4 {[%emt 0:00:30]} c5 {[%emt 0:00:30]} 2. Nf3 {[%emt 0:00:30]} Nc6 {[%emt 0:00:30]} 3. c3 {[%emt 0:00:30]} d5 {[%emt 0:00:30]} 4. exd5 {[%emt 0:00:30]} Qxd5 {[%emt 0:00:30]} 5. d4 {[%emt 0:00:30]} Bf5 {[%emt 0:00:30]} 6. Na3 {[%emt 0:00:30]} e6 {[%emt 0:00:30]} 7. Bc4 {[%emt 0:00:30]} Qe4+ {[%emt 0:03:30]} 8. Be2 {[%emt 0:18:30]} Be7 {[%emt 0:11:30]} 9. O-O {[%emt 0:11:30]} cxd4 {[%emt 0:08:30]} 10. cxd4 {[%emt 0:04:30]} Bxa3 {[%emt 0:09:30]} 11. bxa3 {[%emt 0:00:30]} Nge7 {[%emt 0:01:30]} 12. Bb2 {[%emt 0:08:30]} O-O {[%emt 0:00:30]} 13. Rc1 {[%emt 0:04:30]} Rfd8 {[%emt 0:05:30]} 14. Re1 {[%emt 0:03:30]} Qf4 {[%emt 0:04:30]} 15. Qb3 {[%emt 0:13:30]} Be4 {[%emt 0:09:30]} 16. g3 {[%emt 0:11:12]} Qf5 {[%emt 0:04:30]} 17. Nh4 {[%emt 0:03:17]} Qa5 {[%emt 0:01:30]} 18. Bf3 {[%emt 0:03:58]} Bd5 {[%emt 0:03:30]} 19. Qe3 {[%emt 0:04:58]} Rd7 {[%emt 0:02:30]} 20. Rc5 {[%emt 0:03:47]} Qb6 {[%emt 0:00:30]} 21. Bxd5 {[%emt 0:01:28]} Rxd5 {[%emt 0:00:30]} 22. Rxd5 {[%emt 0:01:42]} Nxd5 {[%emt 0:00:30]} 23. Qd2 {[%emt 0:00:24]} Nce7 {[%emt 0:00:30]} 24. Rc1 {[%emt 0:00:48]} Rd8 {[%emt 0:00:30]} 25. Qe2 {[%emt 0:01:08]} Qd6 {[%emt 0:00:30]} 26. Nf3 {[%emt 0:00:34]} a6 {[%emt 0:01:30]} 27. Ne5 {[%emt 0:00:18]} Nf5 {[%emt 0:03:30]} 28. Qf3 {[%emt 0:00:14]} Qb6 {[%emt 0:01:30]} 29. Ba1 {[%emt 0:00:15]} f6 {[%emt 0:00:30]} 30. Nc4 {[%emt 0:00:28]} Qc6 {[%emt 0:02:30]} 31. Bb2 {[%emt 0:00:06]} Qd7 {[%emt 0:00:30]} 32. Qe4 {[%emt 0:01:12]} Nd6 {[%emt 0:01:30]} 33. Nxd6 {[%emt 0:01:18]} Qxd6 {[%emt 0:00:00]} 34. Qc2 {[%emt 0:00:13]} Qd7 {[%emt 0:01:00]} 35. Qc5 {[%emt 0:00:36]} Kf7 {[%emt 0:00:30]} 36. Qc2 {[%emt 0:00:31]} g6 {[%emt 0:00:30]} 37. h4 {[%emt 0:00:24]} Qe7 {[%emt 0:00:30]} 38. Qc4 {[%emt 0:00:20]} Rd6 {[%emt 0:01:30]} 39. Qe2 {[%emt 0:01:01]} Qd7 {[%emt 0:00:30]} 40. h5 {[%emt 0:00:42]} Rc6 {[%emt 0:00:30]} 41. hxg6+ {[%emt 0:00:11]} hxg6 {[%emt 0:00:30]} 42. Qd2 {[%emt 0:00:46]} Kg7 {[%emt 0:01:30]} 43. Kg2 {[%emt 0:00:07]} Rxc1 {[%emt 0:00:00]} 44. Bxc1 {[%emt 0:00:26]} g5 {[%emt 0:00:00]} 45. Qc2 {[%emt 0:00:36]} Ne7 {[%emt 0:01:30]} 46. Qe4 {[%emt 0:00:37]} Nc6 {[%emt 0:00:30]} 47. Bb2 {[%emt 0:00:28]} Na5 {[%emt 0:00:47]} 48. Kg1 {[%emt 0:00:50]} Nc4 {[%emt 0:00:13]} 49. Bc1 {[%emt 0:00:29]} Nd6 {[%emt 0:00:30]} 50. Qc2 {[%emt 0:00:33]} Nf5 {[%emt 0:00:30]} 51. Bb2 {[%emt 0:00:07]} b6 {[%emt 0:01:07]} 52. Qc3 {[%emt 0:00:23]} Qd6 {[%emt 0:00:48]} 53. Qb3 {[%emt 0:00:53]} Kf7 {[%emt 0:00:37]} 54. Qc2 {[%emt 0:00:30]} Kg7 {[%emt 0:00:30]} 55. Qb3 {[%emt 0:00:13]} Ne7 {[%emt 0:00:33]} 56. Qc3 {[%emt 0:00:35]} Nc6 {[%emt 0:00:17]} 57. Qc4 {[%emt 0:00:18]} b5 {[%emt 0:00:34]} 58. Qc3 {[%emt 0:00:40]} Qd5 {[%emt 0:00:11]} 59. Qb3 {[%emt 0:00:40]} Qe4 {[%emt 0:02:19]} 60. Qc3 {[%emt 0:00:39]} Ne7 {[%emt 0:00:19]} 61. Qc7 {[%emt 0:00:32]} Kf7 {[%emt 0:00:21]} 62. Qc1 {[%emt 0:00:23]} Kg6 {[%emt 0:00:59]} 63. Qd1 {[%emt 0:00:30]} Nd5 {[%emt 0:00:33]} 64. Kh2 {[%emt 0:00:35]} f5 {[%emt 0:00:34]} 65. a4 {[%emt 0:00:32]} b4 {[%emt 0:00:23]} 66. Kg1 {[%emt 0:00:30]} f4 {[%emt 0:01:04]} 67. Qd2 {[%emt 0:00:32]} a5 {[%emt 0:00:47]} 68. Kh2 {[%emt 0:00:27]} Kf5 {[%emt 0:00:44]} 69. a3 {[%emt 0:00:25]} fxg3+ {[%emt 0:02:03]} 70. fxg3 {[%emt 0:00:02]} Ne3 {[%emt 0:00:00]} 71. Kg1 {[%emt 0:01:03]} bxa3 {[%emt 0:05:21]} 72. Bxa3 {[%emt 0:00:29]} Qf3 {[%emt 0:01:04]} 73. Qxa5+ {[%emt 0:00:32]} Kg4 {[%emt 0:00:31]} 74. Qd2 {[%emt 0:00:16]} Qxg3+ {[%emt 0:01:00]} 75. Kh1 {[%emt 0:00:02]} Qf3+ {[%emt 0:00:54]} 76. Kg1 {[%emt 0:00:10]} Qg3+ {[%emt 0:00:41]} 77. Kh1 {[%emt 0:00:06]} Qh3+ {[%emt 0:00:10]} 78. Kg1 {[%emt 0:01:52]} Qf1+ {[%emt 0:00:30]} 79. Kh2 {[%emt 0:00:00]} Kf3 {[%emt 0:00:00]} 0-1